Loading...
| Philosophy | 0 | 6 | 0 | 0 | 60 | 41 | 56.50 | 3 | 6 | 0.00 | 0.00 |
| History - World | 0 | 6 | 0 | 0 | 60 | 16 | 53.67 | 2 | 5 | 0.00 | 0.00 |
| Literature - American | 0 | 6 | 0 | 0 | 60 | 39 | 90.50 | 1 | 3 | 0.00 | 0.00 |
| Literature - British | 0 | 5 | 0 | 1 | 50 | 74 | 82.60 | 2 | 4 | 0.00 | 0.00 |
| Literature - World/Other | 0 | 4 | 0 | 0 | 40 | 65 | 82.25 | 1 | 3 | 0.00 | 0.00 |
| Literature - European | 0 | 4 | 0 | 0 | 40 | 51 | 68.50 | 0 | 4 | 0.00 | 0.00 |
| Fine Arts - Classical Music | 0 | 4 | 1 | 0 | 35 | 43 | 62.25 | 1 | 3 | 0.00 | 0.00 |
| Fine Arts - Visual | 0 | 2 | 0 | 2 | 20 | 123 | 133.50 | 0 | 0 | 0.00 | 0.00 |
| Fine Arts - Other | 0 | 2 | 0 | 0 | 20 | 69 | 75.50 | 0 | 2 | 0.00 | 0.00 |
| Geography/Current Events | 0 | 2 | 0 | 0 | 20 | 87 | 97.50 | 0 | 1 | 0.00 | 0.00 |
| History - Other | 0 | 1 | 0 | 0 | 10 | 80 | 80.00 | 0 | 0 | 0.00 | 0.00 |
| Mythology | 0 | 1 | 1 | 0 | 5 | 124 | 124.00 | 0 | 0 | 0.00 | 0.00 |
| History - American | 0 | 1 | 2 | 0 | 0 | 97 | 97.00 | 0 | 1 | 0.00 | 0.00 |